000 00546nam a22001577a 4500
999 _c12301
_d12301
008 190122b ||||| |||| 00| 0 eng d
020 _a0-07-030446--7
082 _2©1984
_aDC 301.076
_bC66
100 _aCohen, Bruce J.
_934748
245 _aStudy guide and source book to accompany horton and hunt sociology /
_cBruce J. Cohen.
250 _a6th edition.
260 _aNew York:
_bMcGraw-Hill Book Company
_c©1984.
300 _axiv, 237 pages :
_billustrations ;
_c24 cm.
650 _aSociology
_yStudy and teaching.
_934749
942 _2ddc
_cDC